| 000 | 00785cab a2200229 4500 | ||
|---|---|---|---|
| 001 | WB3448-29 | ||
| 008 | 090401t1998 xxu||||| |||| 00| 0 eng d | ||
| 035 | _a(Sirsi) u90329 | ||
| 041 | _aeng | ||
| 245 | _aGreater autonomy | ||
| 260 | _c1998 | ||
| 350 | _a0 | ||
| 490 |
_aDETR News Release _v(1072) 10 December 1998 (2) |
||
| 520 | _aLocal authorities are to be given greater autonomy to dispose of land. Under the new arrangements local authorities will be able to dispose of land for less than the open market value in certain circumstances, without gaining ministerial consent. | ||
| 650 | _aLAND DISPOSAL | ||
| 650 | _aLOCAL AUTHORITIES | ||
| 650 | _aLOCAL GOVERNMENT ACT 1972 | ||
| 650 | _aOPEN MARKET VALUE | ||
| 690 | _aLAND | ||
| 942 | _n0 | ||
| 948 | _c16/12/1998 | ||
| 999 |
_c57261 _d57261 |
||